Football Player by Picture (Serie A) - Statistics

General Stats
  • This quiz has been taken 24 times
  • The average score is 21 of 30
Answer Stats
Picture Answer % Correct
Alexis Sanchez
100%
Gianluigi Buffon
100%
Tammy Abraham
100%
Matthijs de Ligt
94%
Mauro Icardi
94%
Riccardo Calafiori
94%
Javier Zanetti
89%
Mike Maignan
89%
Miroslav Klose
89%
Ruben Loftus-Cheek
89%
Keisuke Honda
83%
Nemanja Matic
83%
Nico Paz
83%
Pavel Nedved
83%
Samuel Umtiti
83%
Andrea Belotti
72%
Antonio Di Natale
72%
José Callejón
67%
Josip Ilicic
67%
Radja Nainggolan
67%
Robinho
67%
Luca Toni
61%
Marten de Roon
61%
Antonio Cassano
50%
Faruq Dele-Bashiru
33%
Alberto Aquilani
28%
Diego Demme
28%
Federico Bernadeschi
28%
Matteo Darmian
28%
Kevin Constant
6%
No matching quizzes found
Score Distribution
Percent of People with Each Score
Percentile by Number Answered
Your Score History
You have not taken this quiz